Normal view
MARC view
Entry Personal Name
001 - CONTROL NUMBER
- control field: 308944
003 - CONTROL NUMBER IDENTIFIER
- control field: DLC
005 - DATE AND TIME OF LATEST TRANSACTION
- control field: 20260123132308.0
008 - FIXED-LENGTH DATA ELEMENTS
- fixed length control field: 980309n| azannabbn |a aaa
010 ## - LIBRARY OF CONGRESS CONTROL NUMBER
- LC control number: n 98022310
035 ## - SYSTEM CONTROL NUMBER
- System control number: (OCoLC)oca04677455
040 ## - CATALOGING SOURCE
- Original cataloging agency: DLC
- Language of cataloging: eng
- Description conventions: rda
- Transcribing agency: DLC
- Modifying agency: DLC
- Modifying agency: MnU
- Modifying agency: DLC
- Modifying agency: MY-SjTCS
046 ## - SPECIAL CODED DATES
- Birth date: 1943-10-17
- Source of date scheme: edtf
100 1# - HEADING--PERSONAL NAME
- Personal name: Fletcher, Mike,
- Dates associated with a name: 1943-
370 ## - ASSOCIATED PLACE
- Associated country: Great Britain
- Other associated place: Staffordshire (England)
- Source of term: naf
372 ## - FIELD OF ACTIVITY
- Field of activity: Mathematics
- Field of activity: Statistics
- Source of term: lcsh
374 ## - OCCUPATION
- Occupation: Mathematicians
- Occupation: Teachers
- Occupation: Authors
- Source of term: lcsh
375 ## - GENDER
- Gender: male
377 ## - ASSOCIATED LANGUAGE
- Language code: eng
400 1# - SEE FROM TRACING--PERSONAL NAME
- Personal name: Fletcher, Michael,
- Dates associated with a name: 1943-
670 ## - SOURCE DATA FOUND
- Source citation: Improve your maths! 1998:
- Information found: CIP t.p. (Mike Fletcher) data sht. (b. Oct. 17, 1943)
670 ## - SOURCE DATA FOUND
- Source citation: His Digging numbers, 1991:
- Information found: t.p. (Mike Fletcher) p. 4 of cover (teaches statistics at Staffordshire Polytechnic)
670 ## - SOURCE DATA FOUND
- Source citation: Bancroft, G. Polish up your mathematics, 1987:
- Information found: CIP t.p. (Michael Fletcher)